Ghost Girl (Record no. 355991)

MARC details
000 -LEADER
fixed length control field 00362nam a22001577a 4500
005 - DATE AND TIME OF LATEST TRANSACTION
control field 20230829160908.0
008 - FIXED-LENGTH DATA ELEMENTS--GENERAL INFORMATION
fixed length control field 230829b |||||||| |||| 00| 0 eng d
020 ## - INTERNATIONAL STANDARD BOOK NUMBER
International Standard Book Number 9781788542999
041 ## - LANGUAGE CODE
Language code of text/sound track or separate title Eng
082 ## - DEWEY DECIMAL CLASSIFICATION NUMBER
Classification number 891.46
100 ## - MAIN ENTRY--PERSONAL NAME
Author Lesley Thomson
245 ## - TITLE STATEMENT
Title Ghost Girl
260 ## - PUBLICATION, DISTRIBUTION, ETC.
Place of publication, distribution, etc. London
Name of publisher, distributor, etc. Head of Zeus
Date of publication, distribution, etc. 2018
300 ## - PHYSICAL DESCRIPTION
Extent 466P
942 ## - ADDED ENTRY ELEMENTS (KOHA)
Koha item type Compact Books
Holdings
Withdrawn status Lost status Source of classification or shelving scheme Damaged status Not for loan Home library Current library Date acquired Vendor Net Price Bill number Full call number Barcode Date last seen Bill Date Koha item type
    Dewey Decimal Classification     Cummins College of Engineering for Women Nagpur Cummins College of Engineering for Women Nagpur 29/08/2023 Foster Reads 599.00 Foster Reads 891.46 CEWN-CB-166 29/08/2023 29/08/2023 Compact Books